000 00466nam a22001577a 4500
020 _qHard Cover.
082 _a658
100 _aTaimur, Arsh.
245 _aEffect of Mobile Commerce on Consumer Decision Making
_cArsh Taimur.
260 _aIslamabad:
_bNBS - NUST,
_c2014.
300 _a51 p. :
_bill. ;
_c30cm.
650 _aMBA-Thesis.
_917629
700 _aFatima Zaheeer.
_919247
942 _2ddc
_cTHE
999 _c532477
_d532477